000 00729nam a22001937a 4500
999 _c19233
_d19233
003 AR-CdUCM
008 190516b ||||| |||| 00| 0 spa d
040 _aMUNICIPALIDAD PROVINCIAL DEL CUSCO
_cBIBLIOTECA MUNICIPAL DEL CUSCO
082 _a140 /
_bN63
100 _aNicol, Eduardo
_936247
245 _aMetafísica de la expresión /
260 _aMéxico, D.F :
_bFondo de Cultura Económica,
_c1957.
300 _a421 paginas ;
_c22 cm.
505 _aContenido :El problema de la posibilidad,hechos y doctrinas --El principio del ser --Física y metafísica :La física de la expresión ...
650 _aExpresión (Metafísica)
_940453
650 _aOntologia
_915047
942 _2ddc
_cLIBROS
945 _arjall
_d2019-05-16